Former Countries of Algeria and Tunisia (Central Maghreb) - Statistics

General Stats
  • This quiz has been taken 5 times
  • The average score is 4 of 10
Answer Stats
Time Period Former Country % Correct
(1516–1830) Regency of Algiers
100%
(1235–1556) Kingdom of Tlemcen
80%
(1528–1837) Beylik of Constantine
60%
(1229-1574) Hafsid dynasty
40%
(1832–1847) Emirate of Abdelkader
20%
(1510–1871) Kingdom of Beni Abbas
20%
(1515–1638) Kingdom of Kuku
20%
(1414–1871) Sultanate of Tuggurt
20%
(1285-1510) Hafsid Emirate of Bejaia
0%
(200s-1977) Kel Ahaggar
0%
No matching quizzes found
Score Distribution
Percent of People with Each Score
Percentile by Number Answered
Your Score History
You have not taken this quiz